Некоторые особенности геологического строения и характера радиогеохимической специализации блока кристаллического фундамента области тектоно-магматической активизации: [депонированная рукопись]

Sonraí bibleagrafaíochta
Príomhchruthaitheoir: Галкин А. А.
Údar corparáideach: Редакция журнала "Известия высших учебных заведений" Раздел "Геология и разведка"
Rannpháirtithe: Мурадян Е. С., Роков А. Н.
Achoimre:Деп. в ВИНИТИ, № 5353-83
Teanga:Rúisis
Foilsithe / Cruthaithe: Москва, ВИНИТИ, 1983
Ábhair:
Formáid: LEABHAR
KOHA link:https://koha.lib.tpu.ru/cgi-bin/koha/opac-detail.pl?biblionumber=367640

MARC

LEADER 00000nam0a2200000 4500
001 367640
005 20231102012013.0
029 0 0 |a RU  |b 5353-83  |f ВИНИТИ  |c Деп 
035 |a (RuTPU)RU\TPU\retro\25003 
090 |a 367640 
100 |a 20220317d1983 k y0rusy50 ca 
101 0 |a rus 
102 |a RU 
105 |a a z 001zy 
200 1 |a Некоторые особенности геологического строения и характера радиогеохимической специализации блока кристаллического фундамента области тектоно-магматической активизации  |e [депонированная рукопись]  |f А. А. Галкин, Е. С. Мурадян, А. Н. Роков  |g Редакция журнала "Известия высших учебных заведений", Раздел "Геология и разведка" 
210 |a Москва  |c ВИНИТИ  |d 1983 
215 |a 27 л.  |c ил. 
300 |a Деп. в ВИНИТИ, № 5353-83 
317 |5 63413507: КР-7335  |a Поступил в НТБ в 2021 г. в дар от семьи профессора ТПУ Л. П. Рихванова 
320 |a Библиогр.: с. 25-26 
606 1 |a Уран  |x Геохимия  |2 stltpush  |3 (RuTPU)RU\TPU\subj\80387  |9 88112 
610 1 |a урановое оруднение 
610 1 |a радиогеохимические исследования 
610 1 |a Библиотека Л. П. Рихванова 
610 1 |a депонированные рукописи 
610 1 |a дары библиотеке 
675 |a 550.42:546.7  |v 4 
700 1 |a Галкин  |b А. А. 
701 1 |a Мурадян  |b Е. С. 
701 1 |a Роков  |b А. Н. 
712 0 2 |a Редакция журнала "Известия высших учебных заведений"  |b Раздел "Геология и разведка" 
801 1 |a RU  |b 63413507  |c 20220317 
801 2 |a RU  |b 63413507  |c 20220720  |g RCR 
942 |c BK